000 00918nam0a2200277 4500
001 RU\NLR\bibl\433223
005 20250623172302.0
010 _a5-93675-060-4
_93000
021 _aRU
_b2003-43284
_92060
035 _a(NLR Aleph) 000427054
090 _a731091
_c731091
100 _a20030903d2003 |||y0rusy50 ca
101 0 _arus
102 _aRU
105 _aa |||||||||
200 1 _aСтранная история оружия
_eДезертиры войны и мира
_fА.Г. Купцов
210 _aМ.
_cКрафт+
_d2003
215 _a350 с.
_cил.
_d22
606 0 _aВооружение
_xИстория
_xОригинальные теории
_92283657
_3RU\NLR\auth\661368070
686 _aЦ9г
700 1 _aКупцов
_bА. Г.
_gАндрей Георгиевич
_4070
801 0 _aRU
_bNLR
_c20030903
_gPSBO
801 1 _aRU
_bNLR
_c20030903
942 _cBOOK
980 _aNB